00538nam a2200181Ia 450000500170000000800410001704000190005804100120007708200190008924500640010826000440017230000160021644000280023250400400026065000280030070000180032885000100034620220929133028.0131103s9999 xx 000 0 und d aLoreto College aEnglish a821.7bBYR-WES aByronb collection of critical essays cedited by Paul West aEnglewood CliffsbPrentice - Hallc1963 avii,178 p.  aTwentieth Century Views aIncludes bibliographical references aBryon,Lord, 1788 - 1824 aWest,Paul,ed. aLCLIB